| 000 -LEADER |
| fixed length control field |
00667cam a2200217 a 4500 |
| 020 ## - INTERNATIONAL STANDARD BOOK NUMBER |
| ISBN |
9781412982238 (pbk. : acidfree paper) |
| 020 ## - INTERNATIONAL STANDARD BOOK NUMBER |
| ISBN |
1412982235 (pbk. : acidfree paper) |
| 040 ## - CATALOGING SOURCE |
| Transcribing agency |
DLC |
| 082 00 - DEWEY DECIMAL CLASSIFICATION NUMBER |
| Classification number |
307 SAG 2012 A076 Or. |
| 100 1# - MAIN ENTRY--AUTHOR NAME |
| Personal name |
Green, Gary P. |
| 245 10 - TITLE STATEMENT |
| Title |
Asset building & community development / |
| 246 3# - VARYING FORM OF TITLE |
| Title proper/short title |
Asset building and community development |
| 250 ## - EDITION STATEMENT |
| Edition statement |
3rd ed. |
| 260 ## - PUBLICATION, DISTRIBUTION, ETC. (IMPRINT) |
| Place of publication |
Thousand Oaks, Calif. : |
| Name of publisher |
SAGE, |
| Year of publication |
c2012. |
| 300 ## - PHYSICAL DESCRIPTION |
| Number of Pages |
xvii, 339 p. : |
| Other physical details |
ill. ; |
| Dimensions |
26 cm. |
| 650 #0 - SUBJECT ADDED ENTRY--TOPICAL TERM |
| Topical Term |
Community development |
| 650 #0 - SUBJECT ADDED ENTRY--TOPICAL TERM |
| Topical Term |
Community development corporations. |
| 650 #0 - SUBJECT ADDED ENTRY--TOPICAL TERM |
| Topical Term |
Community development. |
| 700 1# - ADDED ENTRY--PERSONAL NAME |
| Personal name |
Haines, Anna. |
| 942 ## - ADDED ENTRY ELEMENTS (KOHA) |
| Koha item type |
សៀវភៅភាសាអង់គ្លេស |
| 952 ## - LOCATION AND ITEM INFORMATION (KOHA) |
| Withdrawn status [LOCAL, KOHA] |
0 |